[Event "SC Ichenhausen-SG Porz"]
[Site "Torgelow"]
[Date "2006.12.29"]
[Round "6.4"]
[White "Kühn, Carmen"]
[Black "Schäfer, Emma"]
[Result "1-0"]
[WhiteElo "1520"]
[BlackElo "1084"]
[PlyCount "54"]
[EventDate "2006.??.??"]

1. d4 d5 2. c4 e6 3. Nc3 Nf6 4. Bg5 Be7 5. cxd5 exd5 6. e3 h6 7. Bh4 c6 8. Bd3
Nbd7 9. Nf3 Bb4 10. a3 Bxc3+ 11. bxc3 c5 12. O-O O-O 13. c4 Qb6 14. Qc2 Re8 15.
Bxf6 Nxf6 16. cxd5 cxd4 17. Rfb1 Qd6 18. e4 Ng4 19. Bb5 Bd7 20. Bxd7 Qxd7 21.
Nxd4 Rac8 22. Qe2 Nf6 23. Qb2 Rxe4 24. d6 Qxd6 25. Qxb7 Rb8 26. Qxb8+ Qxb8 27.
Rxb8+ Kh7 1-0

[Event "SC Leipzig-Gohlis-SC Ichenhausen"]
[Site "Torgelow"]
[Date "2006.12.30"]
[Round "7.1"]
[White "Nuber, Helene"]
[Black "Ohme, Melanie"]
[Result "0-1"]
[WhiteElo "2047"]
[BlackElo "2145"]
[PlyCount "94"]
[EventDate "2006.??.??"]

1. e4 c5 2. d3 Nc6 3. g3 d6 4. Bg2 g6 5. f4 Bg7 6. c3 e6 7. Nf3 Nge7 8. O-O O-O
9. Be3 b6 10. Na3 Ba6 11. Re1 b5 12. Nc2 b4 13. d4 bxc3 14. bxc3 Qa5 15. Qd2
Rab8 16. Reb1 Bc4 17. a3 Rfc8 18. Bf1 Bb3 19. Rb2 Rb6 20. Bd3 Rcb8 21. Kf2 Ba4
22. Rxb6 Rxb6 23. Nb4 Rb8 24. Nxc6 Nxc6 25. Rb1 Bb3 26. Qc1 c4 27. Be2 d5 28.
e5 Bf8 29. Ra1 Ba4 30. Nd2 a6 31. g4 Na7 32. h4 Nb5 33. Nb1 Be7 34. h5 gxh5 35.
gxh5 Kh8 36. Bg4 Rg8 37. Kf3 Bb3 38. Bf2 Qa4 39. Bh3 Bd1+ 40. Ke3 Bxh5 41. Ra2
Bg6 42. Nd2 Qa5 43. Nf3 Qxc3+ 44. Qxc3 Nxc3 45. Ra1 Rb8 46. Nh4 Rb3 47. Nxg6+
hxg6 0-1

[Event "SC Leipzig-Gohlis-SC Ichenhausen"]
[Site "Torgelow"]
[Date "2006.12.30"]
[Round "7.2"]
[White "Beltz, Franziska"]
[Black "Dauer, Christina"]
[Result "1-0"]
[WhiteElo "2055"]
[BlackElo "1942"]
[PlyCount "115"]
[EventDate "2006.??.??"]

1. e4 e6 2. d3 d5 3. Nd2 c5 4. g3 g6 5. Bg2 Bg7 6. f4 Ne7 7. Ngf3 Nbc6 8. O-O
O-O 9. c3 b5 10. e5 d4 11. Ne4 dxc3 12. bxc3 b4 13. Be3 bxc3 14. Bxc5 Qa5 15.
d4 Ba6 16. Re1 h6 17. Qc2 Nd5 18. a3 Rfb8 19. Rab1 Bc4 20. Bd6 Rb6 21. Rxb6
axb6 22. Rc1 b5 23. Nxc3 Ne3 24. Qd2 Nxg2 25. Kxg2 Rd8 26. Qe3 Na7 27. Nd2 Nc8
28. Nxc4 bxc4 29. Bc5 Qa8+ 30. Qf3 Qa6 31. Rb1 Bf8 32. Bxf8 Kxf8 33. d5 exd5
34. Nxd5 Qa5 35. Rd1 Qb5 36. Nf6 Qb2+ 37. Kh3 Rd2 38. Rxd2 Qxd2 39. Qc6 Qd8 40.
Qxc4 Kg7 41. Qc6 Kf8 42. Qd7 Qxd7+ 43. Nxd7+ Ke7 44. Nc5 f6 45. Kg4 Na7 46. Kf3
Nc6 47. Ke4 h5 48. Kd5 Na7 49. a4 fxe5 50. fxe5 g5 51. Ne4 Nc8 52. a5 g4 53.
Nf6 Na7 54. Nxh5 Nb5 55. Nf6 Nc3+ 56. Kc6 Ne2 57. Nxg4 Nd4+ 58. Kb6 1-0

[Event "SC Leipzig-Gohlis-SC Ichenhausen"]
[Site "Torgelow"]
[Date "2006.12.30"]
[Round "7.3"]
[White "Dauer, Carolin"]
[Black "Beltz, Carmen"]
[Result "0-1"]
[WhiteElo "1474"]
[BlackElo "1952"]
[PlyCount "104"]
[EventDate "2006.??.??"]

1. e4 c5 2. Nc3 e6 3. g3 Nc6 4. Bg2 g6 5. d3 Bg7 6. f4 d6 7. Nf3 Nge7 8. O-O
O-O 9. Be3 b6 10. Rb1 Ba6 11. Ne2 d5 12. e5 d4 13. Bd2 Qd7 14. g4 Rae8 15. Ng3
f6 16. exf6 Rxf6 17. Ne4 Rff8 18. Qe1 Nd5 19. Qg3 c4 20. Ne1 c3 21. bxc3 dxc3
22. Bc1 Nd4 23. Rf2 Qa4 24. a3 Qd7 25. Ra1 Bb5 26. Ng5 Ba4 27. Be4 Nf6 28. Bg2
Bc6 29. Ngf3 Nxf3+ 30. Nxf3 Qc7 31. Ng5 Bxg2 32. Kxg2 Qc6+ 33. Qf3 Nd5 34. Nh3
Bd4 35. Rf1 Qc5 36. a4 Nb4 37. Ba3 a5 38. Rab1 h6 39. Qe4 Kg7 40. Rf3 Qd6 41.
Rbf1 Bc5 42. Bxb4 axb4 43. Rd1 Bd4 44. Qb7+ Rf7 45. Qa6 Qd5 46. Qc4 Qxc4 47.
dxc4 Bc5 48. Rfd3 Ra8 49. Rd7 Rxa4 50. Nf2 Ra2 51. Kf3 Bxf2 52. Kxf2 Rxc2+ 0-1

[Event "SC Leipzig-Gohlis-SC Ichenhausen"]
[Site "Torgelow"]
[Date "2006.12.30"]
[Round "7.4"]
[White "Salden, Franziska"]
[Black "Kühn, Carmen"]
[Result "1-0"]
[WhiteElo "1976"]
[BlackElo "1520"]
[PlyCount "93"]
[EventDate "2006.??.??"]

1. e4 e5 2. Nf3 Nc6 3. d4 exd4 4. Nxd4 Nf6 5. Nc3 Bb4 6. Nxc6 bxc6 7. Bd3 h6 8.
O-O O-O 9. e5 Nd5 10. Nxd5 cxd5 11. Qg4 Qe7 12. Bxh6 Qxe5 13. Bxg7 Qxg7 14.
Qxb4 d6 15. Qh4 f5 16. Rae1 Bd7 17. Re3 Rf6 18. Rfe1 Raf8 19. Qd4 R8f7 20. Qxd5
c6 21. Qf3 f4 22. R3e2 Rh6 23. Kh1 Qh8 24. Re8+ Bxe8 25. Rxe8+ Rf8 26. Rxf8+
Kxf8 27. Qxf4+ Rf6 28. Qd4 Qh6 29. g3 c5 30. Qe3 Qxe3 31. fxe3 Rf3 32. Kg2 Rxe3
33. Kf2 Re5 34. b3 Kg7 35. Kf3 Kf6 36. a4 Rh5 37. h4 Ke5 38. Kg4 Rh8 39. h5 a5
40. Kg5 Rg8+ 41. Bg6 Ke6 42. h6 d5 43. g4 Rd8 44. h7 Ke5 45. Kh6 Ke6 46. Kg7
Rd7+ 47. Kf8 1-0

[Event "SV GA Rüdersdorf-SG Bochum 31"]
[Site "Torgelow"]
[Date "2006.12.30"]
[Round "7.1"]
[White "Zhang, Fan"]
[Black "Vollak, Marleen"]
[Result "1-0"]
[WhiteElo "2049"]
[BlackElo "1861"]
[PlyCount "94"]
[EventDate "2006.??.??"]

1. d4 Nf6 2. Nf3 e6 3. c4 d5 4. Nc3 c5 5. e3 cxd4 6. exd4 Be7 7. Bg5 dxc4 8.
Bxc4 Nbd7 9. O-O O-O 10. Bf4 a6 11. Re1 b5 12. Bb3 Bb7 13. d5 Nxd5 14. Nxd5
Bxd5 15. Bxd5 exd5 16. Qxd5 Nf6 17. Qb7 Bc5 18. Bg5 Qd7 19. Qxd7 Nxd7 20. Rad1
Nb6 21. Re2 Rfe8 22. Red2 f6 23. Bf4 Kf7 24. Kf1 Rac8 25. Rc2 g6 26. b3 Kg7 27.
h3 h5 28. h4 Kf7 29. g3 Kg7 30. Ne1 Kf7 31. Ng2 Ke7 32. Rxc5 Nd7 33. Rxc8 Rxc8
34. Re1+ Kf7 35. Rc1 Ra8 36. Ne3 Ra7 37. Rc7 Rxc7 38. Bxc7 Ke6 39. Ke2 Nc5 40.
f3 Nd7 41. g4 Nc5 42. gxh5 gxh5 43. Ng2 Kf5 44. Nf4 b4 45. Nxh5 Ne6 46. Ng3+
Kg6 47. Bd6 a5 1-0

[Event "SV GA Rüdersdorf-SG Bochum 31"]
[Site "Torgelow"]
[Date "2006.12.30"]
[Round "7.2"]
[White "Busse, Nadine"]
[Black "Albano Jeremias, Bianca"]
[Result "0-1"]
[WhiteElo "1934"]
[BlackElo "1950"]
[PlyCount "117"]
[EventDate "2006.??.??"]

1. c4 e5 2. a3 Nf6 3. d3 d5 4. cxd5 Nxd5 5. Nf3 Nc6 6. e3 Be7 7. Qc2 a5 8. Be2
O-O 9. b3 f5 10. Bb2 Bf6 11. Nbd2 Nb6 12. O-O Be6 13. Rac1 Qe7 14. Qb1 Rad8 15.
Rxc6 bxc6 16. Bxe5 Nd5 17. Qb2 Bxe5 18. Nxe5 Qf6 19. d4 Ne7 20. Qc3 Bd5 21.
Qxa5 Qd6 22. Ndc4 Bxc4 23. Bxc4+ Nd5 24. Qa6 Rf6 25. Rc1 Kf8 26. Bxd5 cxd5 27.
Rc6 Qe7 28. Qa5 Rxc6 29. Nxc6 Qe4 30. h3 Rd7 31. Qa8+ Qe8 32. Qxe8+ Kxe8 33. b4
Rf7 34. b5 Rf8 35. a4 Kd7 36. Kf1 Rf6 37. Ke2 Rf8 38. a5 Rf6 39. Kf3 g5 40. Ke2
Rf8 41. a6 Ra8 42. Kd3 Kd6 43. a7 Kd7 44. Kc3 Kc8 45. Kb4 Kb7 46. Kc5 Rf8 47.
Kxd5 Re8 48. f3 Rxe3 49. Ne5 Re2 50. Ke6 Kxa7 51. Kxf5 Rxg2 52. Nf7 Rg3 53.
Nxg5 h6 54. Ne6 Kb6 55. Kf4 Rxh3 56. Kg4 Rh1 57. Ng7 Rg1+ 58. Kh5 Rxg7 59. Kxh6
0-1

[Event "SV GA Rüdersdorf-SG Bochum 31"]
[Site "Torgelow"]
[Date "2006.12.30"]
[Round "7.3"]
[White "Hohmann, Louisa"]
[Black "Hönecke, Judith"]
[Result "1/2-1/2"]
[WhiteElo "1642"]
[BlackElo "1964"]
[PlyCount "103"]
[EventDate "2006.??.??"]

1. e4 c5 2. Nf3 Nc6 3. d4 cxd4 4. Nxd4 Qb6 5. Nb3 Nf6 6. Bd3 e6 7. O-O a6 8.
Nc3 d6 9. Be3 Qc7 10. h3 b5 11. Re1 Bb7 12. Nd2 Be7 13. Nf3 Na5 14. Bf4 Rd8 15.
Qe2 O-O 16. Rad1 Rd7 17. e5 Nd5 18. exd6 Bxd6 19. Bxd6 Rxd6 20. Qe5 h6 21. Bxb5
Nxc3 22. bxc3 Rfd8 23. Be2 Bd5 24. Bxa6 Rc6 25. Qxc7 Rxc7 26. Re3 Ra8 27. Be2
Bxa2 28. Ra1 Bd5 29. Nd2 Bb7 30. Bf3 Nc6 31. Rxa8+ Bxa8 32. Rd3 Kf8 33. Ne4 Ke7
34. Nc5 Ra7 35. Rd2 Ne5 36. Bxa8 Rxa8 37. Re2 Nd7 38. Nb3 Rc8 39. Re3 Nc5 40.
Nxc5 Rxc5 41. Rd3 Ra5 42. c4 Rc5 43. Rc3 Kd6 44. Kf1 Ke5 45. Ke2 Kd4 46. Kd2
Rxc4 47. Rg3 g6 48. c3+ Ke5 49. Kd3 Ra4 50. Re3+ Kd5 51. Re2 e5 52. f3 1/2-1/2

[Event "SV GA Rüdersdorf-SG Bochum 31"]
[Site "Torgelow"]
[Date "2006.12.30"]
[Round "7.4"]
[White "Sdunzik, Jennifer"]
[Black "Orhan, Eda"]
[Result "1-0"]
[WhiteElo "1971"]
[BlackElo "1499"]
[PlyCount "85"]
[EventDate "2006.??.??"]

1. e4 d5 2. exd5 Qxd5 3. Nc3 Qa5 4. d4 Bf5 5. Nf3 Nf6 6. Bd2 c6 7. Bc4 e6 8.
Nd5 Qd8 9. Nxf6+ gxf6 10. c3 Nd7 11. Qe2 Nb6 12. Bd3 Bxd3 13. Qxd3 Qd5 14. b3
Qh5 15. g3 Bh6 16. Bxh6 Qxh6 17. Rd1 Qg6 18. O-O Qxd3 19. Rxd3 Nd5 20. Re1
O-O-O 21. Re4 Rhg8 22. Rh4 Rg7 23. Kf1 Ne7 24. Ke2 Nf5 25. Rf4 h5 26. Nd2 Kd7
27. Ne4 Ke7 28. h3 Rg6 29. Rdf3 Rdg8 30. Kd3 b6 31. Nd2 Nd6 32. Nf1 e5 33. Re3
Ke6 34. dxe5 fxe5 35. Ra4 a5 36. b4 Nb7 37. Nd2 Rd8+ 38. Ke2 b5 39. Ra3 a4 40.
c4 Rd4 41. Rac3 bxc4 42. Rxc4 Rxc4 43. Nxc4 {
weiterhin nicht mehr rekonstruierbar!!} 1-0

[Event "SV Stuttgart-Wolfbusch-SAV Torgelow"]
[Site "Torgelow"]
[Date "2006.12.30"]
[Round "7.1"]
[White "Janotta, Steffi"]
[Black "Gussakovski, Jana"]
[Result "1/2-1/2"]
[WhiteElo "2029"]
[BlackElo "2090"]
[PlyCount "100"]
[EventDate "2006.??.??"]

1. e4 c5 2. Nf3 Nc6 3. d4 cxd4 4. Nxd4 g6 5. c4 Nf6 6. Nc3 Nxd4 7. Qxd4 d6 8.
Be2 Bg7 9. Be3 O-O 10. Qd2 Be6 11. Rc1 Qa5 12. O-O Rfc8 13. b3 a6 14. f3 b5 15.
cxb5 axb5 16. Bd4 Bd7 17. Qe3 b4 18. Bxf6 Bxf6 19. Nd5 Qxa2 20. Nxb4 Qb2 21.
Rb1 Bd4 22. Rxb2 Bxe3+ 23. Kh1 Be6 24. Nd5 Bxd5 25. exd5 Rcb8 26. Bc4 Ra7 27.
Re2 Bd4 28. g4 Rbb7 29. Kg2 Ra1 30. Rxa1 Bxa1 31. f4 Kg7 32. Kf3 Bc3 33. Ra2
Bb4 34. Ke4 Bc5 35. Kd3 Ra7 36. Ba6 Kf6 37. Ra4 e5 38. b4 Bxb4 39. g5+ Ke7 40.
Rxb4 Rxa6 41. Rb7+ Ke8 42. fxe5 Ra3+ 43. Kc4 dxe5 44. Kc5 e4 45. d6 e3 46. Kc6
Rc3+ 47. Kd5 Rd3+ 48. Kc6 Rc3+ 49. Kd5 Rd3+ 50. Kc6 Rc3+ 1/2-1/2

[Event "SV Stuttgart-Wolfbusch-SAV Torgelow"]
[Site "Torgelow"]
[Date "2006.12.30"]
[Round "7.2"]
[White "Erben, Larissa"]
[Black "Stemmler, Lysan"]
[Result "1-0"]
[WhiteElo "1867"]
[BlackElo "1847"]
[PlyCount "89"]
[EventDate "2006.??.??"]

1. e4 d6 2. d4 Nf6 3. Nc3 g6 4. f4 Bg7 5. Nf3 O-O 6. Be3 c5 7. dxc5 Qa5 8. Bd3
Ng4 9. Bd2 Qxc5 10. Qe2 Nc6 11. h3 Nf6 12. Na4 Nd4 13. Nxd4 Qxd4 14. c4 Nxe4
15. Bxe4 f5 16. Bf3 Qf6 17. O-O e5 18. fxe5 dxe5 19. Bd5+ Kh8 20. Nc5 Rb8 21.
a3 Qe7 22. Bb4 a5 23. Na6 axb4 24. Nxb8 Be6 25. Bxe6 Qxe6 26. axb4 Rxb8 27. c5
e4 28. Ra3 Rf8 29. Rfa1 f4 30. Ra8 f3 31. Rxf8+ Bxf8 32. gxf3 Qxh3 33. Qxe4
Qg3+ 34. Kf1 Qh3+ 35. Ke2 Qg2+ 36. Kd3 h5 37. Ra8 Kg8 38. Qd5+ Kg7 39. Qxb7+
Kg8 40. Qd5+ Kg7 41. Qd7+ Kg8 42. Qe6+ Kg7 43. Ra7+ Kh6 44. Qe3+ Qg5 45. Rh7+
1-0

[Event "SV Stuttgart-Wolfbusch-SAV Torgelow"]
[Site "Torgelow"]
[Date "2006.12.30"]
[Round "7.3"]
[White "Völschow, Toni"]
[Black "Hafner, Katrin"]
[Result "1-0"]
[WhiteElo "1811"]
[BlackElo "1684"]
[PlyCount "107"]
[EventDate "2006.??.??"]

1. d4 Nf6 2. e3 e6 3. Bd3 c5 4. c3 d5 5. Nd2 Nc6 6. f4 a6 7. Ngf3 b5 8. Ne5 Qc7
9. Ndf3 Nd7 10. g4 f6 11. Nxc6 Qxc6 12. Qc2 h6 13. Bg6+ Kd8 14. e4 Be7 15. Be3
Bb7 16. e5 Rf8 17. Rf1 Kc7 18. O-O-O Nb6 19. dxc5 Bxc5 20. Bxc5 Qxc5 21. Nd4
Bc8 22. Rde1 fxe5 23. Rxe5 Qd6 24. Bd3 g5 25. Qe2 Rf6 26. f5 exf5 27. Bxf5 Bd7
28. Re1 Rd8 29. Bxd7 Rxd7 30. Nf5 Qf8 31. Re8 Qc5 32. Qe5+ Rfd6 33. Nxd6 Rxd6
34. Re6 Nd7 35. Qxd6+ Qxd6 36. Rxd6 Kxd6 37. Re8 Nf6 38. Ra8 Nxg4 39. Rxa6+ Kc5
40. h3 Nf2 41. Rxh6 d4 42. cxd4+ Kxd4 43. Rh5 Ne4 44. Kc2 Kc4 45. Rh8 Nf2 46.
Rc8+ Kd4 47. Kb3 Nxh3 48. Kb4 g4 49. Kxb5 Nf2 50. Rg8 Ke4 51. a4 Kf3 52. a5 Ne4
53. a6 Nd6+ 54. Kc6 1-0

[Event "SV Stuttgart-Wolfbusch-SAV Torgelow"]
[Site "Torgelow"]
[Date "2006.12.30"]
[Round "7.4"]
[White "Stitterich, Nadine"]
[Black "Hartmann, Elisa"]
[Result "0-1"]
[WhiteElo "1600"]
[BlackElo "1521"]
[PlyCount "116"]
[EventDate "2006.??.??"]

1. e4 e5 2. Nf3 Nc6 3. Bb5 a6 4. Ba4 Nf6 5. O-O b5 6. Bb3 Be7 7. Re1 d6 8. h3
O-O 9. c3 Na5 10. Bc2 c5 11. d3 Bb7 12. Nbd2 Qc7 13. Nf1 Nc6 14. Ng3 Rfd8 15.
Nf5 Bc8 16. g4 Bxf5 17. gxf5 d5 18. Qe2 d4 19. Kh2 Rac8 20. Rg1 Kh8 21. Ng5 Bf8
22. Bb3 Rd7 23. c4 Na5 24. Qc2 Nxb3 25. axb3 Qb7 26. Bd2 Ne8 27. Ra5 b4 28.
Rga1 Rc6 29. f4 Bd6 30. Qc1 Bc7 31. R5a4 Qb8 32. fxe5 Bxe5+ 33. Kh1 Ra7 34. Qd1
Nf6 35. Nf3 Bf4 36. Bxf4 Qxf4 37. Nh2 g6 38. fxg6 hxg6 39. Qf3 Qxf3+ 40. Nxf3
Nh5 41. Kh2 Rf6 42. Rf1 Kg7 43. Raa1 a5 44. Ne5 Rxf1 45. Rxf1 f6 46. Ng4 a4 47.
bxa4 Rxa4 48. h4 Ra2 49. Rf2 Ra1 50. Rd2 Rc1 51. Nf2 b3 52. e5 fxe5 53. Ne4 Rc2
54. Kg1 Nf6 55. Rf2 Nxe4 56. dxe4 d3 57. Rf1 d2 58. Rd1 Rc1 0-1

[Event "SK König Tegel-SG BW Stadtilm"]
[Site "Torgelow"]
[Date "2006.12.30"]
[Round "7.1"]
[White "Hoffmann, Lena"]
[Black "Schulz, Stefanie"]
[Result "0-1"]
[WhiteElo "1897"]
[BlackElo "2126"]
[PlyCount "136"]
[EventDate "2006.??.??"]

1. Nc3 c5 2. e4 Nc6 3. g3 g6 4. Bg2 Bg7 5. f4 e6 6. Nf3 Nge7 7. O-O O-O 8. d3
Rb8 9. Be3 Nd4 10. Qd2 b5 11. Ne1 d6 12. Qf2 b4 13. Nd1 Qc7 14. c3 bxc3 15.
bxc3 Nb5 16. d4 cxd4 17. cxd4 d5 18. e5 Ba6 19. Nf3 Rfc8 20. Re1 Na3 21. Rc1
Nc6 22. Bf1 Bxf1 23. Qxf1 Nc4 24. g4 Qa5 25. Qg2 Nb4 26. Re2 Nxe3 27. Rxc8+
Rxc8 28. Nxe3 Rc1+ 29. Kf2 Ra1 30. f5 Rxa2 31. Kg3 Bf8 32. fxg6 hxg6 33. h4 Qa6
34. Rxa2 Qxa2 35. Qg1 Qe2 36. h5 Nc2 37. Ng2 gxh5 38. gxh5 Bh6 39. Qb1 a6 40.
Qb8+ Kg7 41. Qd8 Ne3 42. Nxe3 Qxe3 43. Qf6+ Kg8 44. Qd8+ Bf8 45. Qa8 Qd3 46.
Qd8 Qf5 47. Qa8 Qxh5 48. Qxa6 Qg6+ 49. Kf2 Bh6 50. Qa2 Bf4 51. Qe2 Qg3+ 52. Kf1
Kg7 53. Qf2 Qxf2+ 54. Kxf2 Kg6 55. Ke2 Kf5 56. Kd3 Kg4 57. Ne1 Bg3 58. Nc2 Bf4
59. Na3 Kf5 60. Nc2 Bxe5 61. dxe5 Kxe5 62. Ke3 f6 63. Nd4 Kd6 64. Kd3 e5 65.
Ne2 f5 66. Ke3 Ke6 67. Kd3 f4 68. Kd2 Kf5 0-1

[Event "SK König Tegel-SG BW Stadtilm"]
[Site "Torgelow"]
[Date "2006.12.30"]
[Round "7.2"]
[White "Rath, Alina"]
[Black "Kinzel, Franziska"]
[Result "1-0"]
[WhiteElo "1843"]
[BlackElo "1459"]
[PlyCount "161"]
[EventDate "2006.??.??"]

1. c4 c6 2. Nc3 d5 3. d4 Bf5 4. cxd5 cxd5 5. Qb3 e6 6. Qxb7 Nd7 7. e3 Ngf6 8.
Bb5 Be7 9. Bc6 O-O 10. Nge2 Nb6 11. Qa6 Rc8 12. Bb5 Qc7 13. O-O Bd6 14. h3 h5
15. Bd3 Bxd3 16. Qxd3 Qb8 17. b3 Nfd7 18. f4 f5 19. Bb2 Nf6 20. Rac1 Nbd7 21.
Kh2 Ne4 22. Nxe4 fxe4 23. Qb1 Kh7 24. Rxc8 Rxc8 25. Rc1 Rf8 26. Rf1 g5 27. g3
gxf4 28. gxf4 Rg8 29. Rg1 Nf6 30. Rxg8 Qxg8 31. Qg1 Qg6 32. Qxg6+ Kxg6 33. Kg3
Be7 34. a3 Nh7 35. Nc3 h4+ 36. Kf2 Nf8 37. Nb5 a6 38. Nc7 a5 39. Nb5 Nd7 40.
Bc3 Bd8 41. Ke2 Nb8 42. Be1 Nc6 43. Kd1 Be7 44. Kc2 Kf7 45. Kb2 Bd8 46. Nd6+
Kg6 47. Nb7 Bb6 48. Bxh4 Kf5 49. Nd6+ Kg6 50. Nb5 Kf5 51. Be1 Kf6 52. b4 axb4
53. axb4 Kf5 54. Kb3 Ne7 55. Nd6+ Kg6 56. Ka4 Nc6 57. Nb5 Ne7 58. Bf2 Nf5 59.
Kb3 Kh5 60. Kc3 Nh4 61. Bxh4 Kxh4 62. Nd6 Kxh3 63. Nf7 Kg4 64. Ng5 Kf5 65. Kb3
Bd8 66. Kc3 Kf6 67. Kd2 Ke7 68. Nh3 Kd6 69. Nf2 Kc6 70. Nh3 Be7 71. Kc3 Bd6 72.
Ng5 Kd7 73. Nf7 Bc7 74. Kb3 Kc6 75. Ka4 Bb6 76. Ne5+ Kd6 77. Kb5 Bc7 78. Ka6
Ke7 79. b5 Kd8 80. b6 Bd6 81. Nf7+ 1-0

[Event "SK König Tegel-SG BW Stadtilm"]
[Site "Torgelow"]
[Date "2006.12.30"]
[Round "7.3"]
[White "Kinzel, Tiffany"]
[Black "Neldner, Uta"]
[Result "1/2-1/2"]
[WhiteElo "1516"]
[BlackElo "1849"]
[PlyCount "105"]
[EventDate "2006.??.??"]

1. Nc3 c5 2. e4 Nc6 3. f4 d6 4. g3 g6 5. Bg2 Bg7 6. d3 e6 7. Nf3 Nge7 8. Be3
O-O 9. Qd2 Rb8 10. O-O a6 11. d4 cxd4 12. Nxd4 Qc7 13. g4 Nxd4 14. Bxd4 e5 15.
Be3 Bxg4 16. h3 Be6 17. Kh1 b5 18. Rf2 Rbd8 19. Nd5 Nxd5 20. exd5 Bf5 21. c3
Qd7 22. Kh2 Rfe8 23. Rg1 Re7 24. Rff1 Rde8 25. Rf2 exf4 26. Bxf4 Be5 27. Rgf1
Bxf4+ 28. Qxf4 Re3 29. Rf3 Qe7 30. Rxe3 Qxe3 31. Qxd6 Qd2 32. Qg3 Re2 33. Rxf5
Rxg2+ 34. Qxg2 Qxg2+ 35. Kxg2 gxf5 36. b3 Kg7 37. c4 Kf6 38. cxb5 axb5 39. a4
bxa4 40. bxa4 Ke5 41. Kf3 Kxd5 42. Kf4 Kc5 43. Kxf5 Kb4 44. Kf6 Kxa4 45. Kxf7
Kb5 46. Kg7 h5 47. h4 Kc6 48. Kg6 Kd7 49. Kxh5 Ke7 50. Kg6 Kf8 51. Kh7 Kf7 52.
h5 Kf6 53. h6 1/2-1/2

[Event "SK König Tegel-SG BW Stadtilm"]
[Site "Torgelow"]
[Date "2006.12.30"]
[Round "7.4"]
[White "König, Laura"]
[Black "Jünger, Theresa"]
[Result "1-0"]
[WhiteElo "1437"]
[BlackElo "1226"]
[PlyCount "51"]
[EventDate "2006.??.??"]

1. e4 c5 2. Nf3 d6 3. d4 cxd4 4. Bc4 e6 5. Qe2 g6 6. O-O Bg7 7. Rd1 Ne7 8. c3
O-O 9. cxd4 Qc7 10. Nc3 a6 11. a3 b5 12. Ba2 Bb7 13. Be3 Rd8 14. Rac1 Qd7 15.
Bf4 Qe8 16. Rd2 Rd7 17. Rdc2 Qd8 18. Nd1 Kh8 19. Ng5 Ng8 20. Qe3 h6 21. Qh3 Qe7
22. e5 dxe5 23. dxe5 Rxd1+ 24. Rxd1 Nc6 25. Rcd2 Rd8 26. Rxd8 1-0

[Event "SG Porz-SC Tamm"]
[Site "Torgelow"]
[Date "2006.12.30"]
[Round "7.1"]
[White "Ströhle, Kathrin"]
[Black "Kaplun, Viktoria"]
[Result "1-0"]
[WhiteElo "1808"]
[BlackElo "1939"]
[PlyCount "59"]
[EventDate "2006.??.??"]

1. e4 c5 2. Nf3 e6 3. d4 cxd4 4. Nxd4 a6 5. Nc3 Qc7 6. Bd3 Nf6 7. O-O d6 8. Kh1
Be7 9. f4 Nbd7 10. Qf3 b5 11. a3 Bb7 12. Bd2 Nc5 13. Rae1 O-O 14. Qg3 Rfd8 15.
h4 d5 16. e5 Nfe4 17. Bxe4 Nxe4 18. Nxe4 dxe4 19. Bc3 Bc5 20. Nb3 Bf8 21. Ba5
Qxc2 22. Bxd8 Rxd8 23. Rf2 Qc7 24. Rd2 Bd5 25. Red1 Be7 26. Nd4 Qb7 27. f5 Bc4
28. fxe6 fxe6 29. Nxe6 Bxh4 30. Rxd8+ 1-0

[Event "SG Porz-SC Tamm"]
[Site "Torgelow"]
[Date "2006.12.30"]
[Round "7.2"]
[White "Krause Molle, Zarela"]
[Black "Bonfert, Nadine"]
[Result "1-0"]
[WhiteElo "1547"]
[BlackElo "1607"]
[PlyCount "92"]
[EventDate "2006.??.??"]

1. e4 e5 2. Nf3 Nc6 3. Bc4 Bc5 4. Nc3 d6 5. h3 Nf6 6. d3 Be6 7. Bb3 h6 8. Be3
Bb6 9. Qd2 Qd7 10. O-O-O O-O-O 11. Bxb6 axb6 12. Ba4 Qe8 13. d4 Bd7 14. Rhe1
Nxd4 15. Bxd7+ Qxd7 16. Nxd4 exd4 17. Qxd4 Rhg8 18. Qc4 Qe6 19. Qa4 c6 20. Re3
Nd7 21. Qb4 Kc7 22. a3 Qe5 23. Na4 b5 24. Qa5+ Kc8 25. Nc3 Nc5 26. Rf3 Rgf8 27.
Rf5 Qe6 28. Re1 g6 29. Rf3 f5 30. a4 bxa4 31. Nxa4 Nxa4 32. Qxa4 Rfe8 33. Rb3
b5 34. Qa8+ Kc7 35. Qa7+ Kc8 36. Ra3 Re7 37. Qa8+ Kd7 38. Ra7+ Ke8 39. Qxc6+
Kf8 40. Rxe7 Qxe7 41. Qxb5 Qg5+ 42. Kb1 Qxg2 43. exf5 Qxh3 44. fxg6 Qg2 45.
Qf5+ Kg7 46. Qf7+ Kh8 1-0

[Event "SG Porz-SC Tamm"]
[Site "Torgelow"]
[Date "2006.12.30"]
[Round "7.3"]
[White "Rüdel, Anita"]
[Black "Tunc, Helin"]
[Result "1/2-1/2"]
[WhiteElo "1549"]
[BlackElo "1286"]
[PlyCount "41"]
[EventDate "2006.??.??"]

1. e4 e5 2. Nf3 Nc6 3. d4 exd4 4. Nxd4 Bc5 5. Be3 Qf6 6. c3 Qg6 7. f3 Nf6 8.
Qd2 O-O 9. Bd3 Qh5 10. O-O d5 11. exd5 Nxd5 12. Bf2 Bd6 13. Bg3 Bxg3 14. hxg3
Nxd4 15. cxd4 Be6 16. Nc3 Nf6 17. Rfe1 Qa5 18. Qc2 a6 19. Ne4 Nd5 20. a3 h6 21.
Nc5 1/2-1/2

[Event "SG Porz-SC Tamm"]
[Site "Torgelow"]
[Date "2006.12.30"]
[Round "7.4"]
[White "Schäfer, Emma"]
[Black "Schäfer, Daniela"]
[Result "0-1"]
[WhiteElo "1084"]
[BlackElo "1450"]
[PlyCount "46"]
[EventDate "2006.??.??"]

1. e4 d6 2. d4 g6 3. Nf3 Bg7 4. c3 Nf6 5. Bd3 O-O 6. O-O Nbd7 7. Be3 Re8 8.
Nbd2 e5 9. Re1 Qe7 10. h3 h6 11. Qc2 a6 12. d5 Nf8 13. Rab1 Bd7 14. Nf1 Nxd5
15. exd5 e4 16. Bd2 exd3 17. Qxd3 Qf6 18. Ng3 g5 19. c4 Qg6 20. Qxg6 Nxg6 21.
Ne2 Re4 22. Ned4 Bxd4 23. Nxd4 Rxd4 0-1

[Event "SF Wadgassen/Differten-SF Brackel"]
[Site "Torgelow"]
[Date "2006.12.30"]
[Round "7.1"]
[White "Zemella, Jennifer"]
[Black "Dietzen, Corinna"]
[Result "1/2-1/2"]
[WhiteElo "1825"]
[BlackElo "1980"]
[PlyCount "38"]
[EventDate "2006.??.??"]

1. e4 e5 2. Nf3 Nf6 3. d3 d6 4. Be2 g6 5. O-O Bg7 6. c3 O-O 7. Nbd2 Nh5 8. Re1
Nf4 9. Nf1 Nxe2+ 10. Qxe2 Nc6 11. Ng3 h6 12. Be3 Be6 13. d4 Bg4 14. Rad1 f5 15.
exf5 gxf5 16. dxe5 Nxe5 17. Bf4 Nxf3+ 18. gxf3 Bh3 19. Qe6+ Kh7 1/2-1/2

[Event "SF Wadgassen/Differten-SF Brackel"]
[Site "Torgelow"]
[Date "2006.12.30"]
[Round "7.3"]
[White "Schöttler, Katharina"]
[Black "Nischik, Natascha"]
[Result "1-0"]
[WhiteElo "1607"]
[BlackElo "1486"]
[PlyCount "129"]
[EventDate "2006.??.??"]

1. e4 e5 2. Nf3 Nc6 3. Bc4 Be7 4. c3 Nf6 5. d3 d6 6. Nbd2 O-O 7. Bb3 Bg4 8. h3
Bh5 9. Nf1 Bg6 10. Ne3 Na5 11. Bc2 Nd7 12. O-O Nc6 13. Re1 Re8 14. Nd5 Nf6 15.
Ba4 a6 16. Bb3 h6 17. Ne3 Bh7 18. Nh2 Rb8 19. Qf3 Bf8 20. Nhg4 Bg6 21. Nxf6+
Qxf6 22. Qxf6 gxf6 23. Ng4 Bg7 24. Nxh6+ Bxh6 25. Bxh6 Kh7 26. Bd2 Rg8 27. Re3
Na5 28. Bc2 f5 29. exf5 Bxf5 30. Rf3 Bg6 31. b4 Nc6 32. Bb3 Rgf8 33. Re1 f5 34.
Bc2 f4 35. g3 Bh5 36. g4 Bg6 37. h4 Rg8 38. Rh3 Kg7 39. f3 Kf8 40. Rh2 Ne7 41.
Bb3 Rh8 42. d4 Nc6 43. Bd5 Re8 44. Bxc6 bxc6 45. dxe5 Rxe5 46. Rxe5 dxe5 47.
Re2 e4 48. Bxf4 exf3 49. Re3 Rxh4 50. Rxf3 Rxg4+ 51. Kf1 Be4 52. Rf2 Bd3+ 53.
Ke1 Rg7 54. Bh6+ Kg8 55. Bxg7 Kxg7 56. Rf3 Bc4 57. a3 Kg6 58. Kd2 Kg5 59. Ke3
Bd5 60. Rf8 Bc4 61. Kd4 Bb5 62. Kc5 Kg6 63. c4 Ba4 64. Ra8 Kf6 65. Rxa6 1-0

[Event "SF Wadgassen/Differten-SF Brackel"]
[Site "Torgelow"]
[Date "2006.12.30"]
[Round "7.4"]
[White "Neumann, Tanja"]
[Black "Kartseva, Nataly"]
[Result "1-0"]
[WhiteElo "1188"]
[BlackElo "1497"]
[PlyCount "67"]
[EventDate "2006.??.??"]

1. e4 d5 2. exd5 Nf6 3. Nf3 Nxd5 4. d4 e6 5. c4 Nf6 6. Be3 b6 7. Nc3 Bb7 8. Be2
Ng4 9. Rc1 Nxe3 10. fxe3 Nd7 11. O-O Bd6 12. d5 exd5 13. Nxd5 O-O 14. b3 Bc5
15. Nd4 g6 16. Bg4 Ne5 17. Bf3 Nxf3+ 18. Qxf3 Kg7 19. Rcd1 Rc8 20. Qe4 Qg5 21.
h4 Qd8 22. Qe5+ Kh6 23. Rf6 Bxd4 24. Rxd4 Bxd5 25. Rxd5 Qe8 26. Qf4+ Kg7 27. h5
Qe7 28. Rc6 Rfe8 29. Kf2 Qe4 30. h6+ Kg8 31. Qxe4 Rxe4 32. Rd7 Re6 33. Rcxc7
Rxc7 34. Rd8+ 1-0